[Event "Vellmar op-A 4th"]
[Site "Vellmar"]
[Date "2012.07.26"]
[Round "1"]
[White "Fichte, Wolfgang"]
[Black "Meyner, Hannes"]
[Result "0-1"]
[WhiteElo "1958"]
[BlackElo "2217"]
[PlyCount "120"]
[EventDate "2012.07.26"]
[EventType "swiss"]
[EventRounds "7"]
[EventCountry "GER"]
[SourceTitle "EXT 2014"]
[Source "ChessBase"]
[SourceDate "2013.11.20"]
[SourceVersion "1"]
[SourceVersionDate "2013.11.20"]
[SourceQuality "1"]

1. b4 c6 2. e3 Qb6 3. a3 a5 4. bxa5 Qxa5 5. Nf3 e5 6. Bb2 d6 7. Be2 Nf6 8. 0-0 Be7 9. c4 0-0 10. Bc3 Qc7 11. Qc2 Bg4 12. d3 Nbd7 13. Nbd2 d5 14. Bb2 Bd6 15. cxd5 cxd5 16. Qxc7 Bxc7 17. h3 Bf5 18. g4 Bg6 19. Nh4 Ra4 20. Nxg6 hxg6 21. d4 Ra7 22. Bb5 Rd8 23. Rfc1 b6 24. Bc6 exd4 25. Bxd4 Be5 26. Nf3 Bxd4 27. Nxd4 Ne5 28. Bb5 Rda8 29. g5 Nh7 30. f4 Nc4 31. Bxc4 dxc4 32. Rxc4 Nf8 33. Nb5 Ra5 34. a4 Rxb5 35. Rac1 Rba5 36. Rb1 Nd7 37. Rc7 R5a7 38. Rbc1 Nc5 39. Rc6 Nxa4 40. Kf2 Kf8 41. Kf3 Rb7 42. h4 Nc5 43. Rb1 Nd7 44. Ke4 Ke7 45. Rb4 Ra5 46. Rc8 Nc5+ 47. Kf3 Kd7 48. Rg8 Ne6 49. e4 Rc5 50. Ra8 b5 51. Ra5 Rc4 52. Rb2 b4 53. f5 Nc5 54. Rd2+ Ke7 55. Rd5 b3 56. Re5+ Kd6 57. Rd5+ Kc6 58. Ra1 b2 59. Rb1 Rc1 60. Rxb2 Rxb2 0-1

[Event "Vellmar op 1st"]
[Site "Vellmar"]
[Date "2009.08.02"]
[Round "6"]
[White "Fichte, Wolfgang"]
[Black "Kartsev, Soel"]
[Result "0-1"]
[WhiteElo "2035"]
[BlackElo "2243"]
[PlyCount "46"]
[EventDate "2009.07.30"]
[EventType "swiss"]
[EventRounds "7"]
[EventCountry "GER"]
[SourceTitle "EXT 2018"]
[Source "ChessBase"]
[SourceDate "2017.10.13"]
[SourceVersion "1"]
[SourceVersionDate "2017.10.13"]
[SourceQuality "1"]

1. e4 e5 2. Nf3 Nc6 3. Bc4 Nf6 4. d3 Bc5 5. 0-0 d6 6. Bg5 h6 7. Be3 Bxe3 8. fxe3 Bg4 9. Qe1 Qe7 10. b4 a6 11. Bd5 0-0 12. Bxc6 bxc6 13. Qc3 Rab8 14. Nbd2 Bd7 15. Rae1 Rb5 16. d4 exd4 17. exd4 Rh5 18. a3 Re8 19. e5 Nd5 20. Qb3 Nf4 21. exd6 Ne2+ 22. Kf2 cxd6 23. Qc4 Qe3# 0-1

[Event "Bad Zwesten op 10th"]
[Site "Bad Zwesten"]
[Date "2006.01.07"]
[Round "8"]
[White "Fichte, Wolfgang"]
[Black "Zunker, Reinhard"]
[Result "1/2-1/2"]
[WhiteElo "2028"]
[BlackElo "2188"]
[PlyCount "72"]
[EventDate "2006.01.02"]
[EventType "swiss"]
[EventRounds "9"]
[EventCountry "GER"]
[SourceTitle "CBM 110 Extra"]
[Source "ChessBase"]
[SourceDate "2006.03.10"]
[SourceVersion "2"]
[SourceVersionDate "2006.03.10"]
[SourceQuality "1"]

1. e4 c5 2. Nf3 g6 3. g3 Nc6 4. Bg2 Bg7 5. 0-0 Nf6 6. d3 e5 7. c3 d6 8. Na3 0-0 9. Be3 Rb8 10. Nc2 Re8 11. Qd2 Ng4 12. b4 Nxe3 13. Qxe3 b6 14. a4 cxb4 15. cxb4 Bg4 16. b5 Na5 17. Nb4 Rc8 18. Rac1 Qd7 19. Ng5 Nb3 20. Rb1 Nd4 21. f3 Be6 22. Nxe6 fxe6 23. Rfc1 Rc5 24. Na6 Rxc1+ 25. Rxc1 Rc8 26. Rc4 d5 27. exd5 exd5 28. Rxc8+ Qxc8 29. f4 exf4 30. Bxd5+ Kh8 31. Qe7 Nf5 32. Qc7 Bd4+ 33. Kh1 Nxg3+ 34. Kg2 Qxc7 35. Nxc7 Ne2 36. Ne6 g5 1/2-1/2

[Event "Bad Zwesten op 9th"]
[Site "Bad Zwesten"]
[Date "2005.01.03"]
[Round "3"]
[White "Bauer, Konstantin"]
[Black "Fichte, Wolfgang"]
[Result "0-1"]
[WhiteElo "1609"]
[BlackElo "2035"]
[PlyCount "55"]
[EventDate "2005.01.02"]
[EventType "swiss"]
[EventRounds "9"]
[EventCountry "GER"]
[SourceTitle "CBM 104 Extra"]
[Source "ChessBase"]
[SourceDate "2005.03.01"]
[SourceVersion "1"]
[SourceVersionDate "2005.03.01"]
[SourceQuality "1"]

1. e4 e6 2. Nf3 d5 3. Nc3 Nf6 4. e5 Nfd7 5. d4 a6 6. Bd3 Be7 7. Be3 c5 8. Qd2 cxd4 9. Bxd4 Nc6 10. Ne2 Qc7 11. Qe3 Bb4+ 12. c3 Nxd4 13. Nfxd4 Be7 14. f4 b5 15. 0-0 Nc5 16. Bc2 Bd7 17. Qh3 0-0-0 18. b4 Na4 19. Qd3 Nb2 20. Qe3 Nc4 21. Qg3 g6 22. a4 Qb6 23. Kh1 Kb7 24. axb5 Bxb5 25. Nxb5 axb5 26. Ra2 Ra8 27. Rfa1 Rxa2 28. Rxa2 0-1

[Event "Hessen-ch VM"]
[Site "Moerlenbach"]
[Date "2004.04.07"]
[Round "8"]
[White "Fichte, Wolfgang"]
[Black "Polenske, Kai"]
[Result "0-1"]
[WhiteElo "2065"]
[BlackElo "2163"]
[PlyCount "96"]
[EventDate "2004.04.??"]
[EventType "swiss"]
[EventRounds "11"]
[EventCountry "GER"]
[SourceTitle "EXT 2005"]
[Source "ChessBase"]
[SourceDate "2004.11.15"]
[SourceVersion "1"]
[SourceVersionDate "2004.11.15"]
[SourceQuality "1"]

1. Nf3 f5 2. b4 e6 3. Bb2 Nf6 4. b5 d6 5. e3 Be7 6. Be2 0-0 7. 0-0 Nbd7 8. d4 Ne4 9. c4 Qe8 10. Ne1 Ndf6 11. f3 Ng5 12. Nd3 Nf7 13. Nd2 g5 14. e4 f4 15. e5 dxe5 16. dxe5 Nd7 17. Ne4 b6 18. c5 Nh6 19. Qb3 Qg6 20. Ba3 bxc5 21. Nexc5 Nb6 22. Nf2 Nd5 23. Bd3 Qg7 24. Be4 Rd8 25. Rad1 Qf7 26. Rd3 Rb8 27. Rfd1 c6 28. Qa4 Rxb5 29. Qxa7 Bxc5 30. Bxc5 Qxa7 31. Bxa7 Nf7 32. Ng4 Kg7 33. a4 Ra5 34. Bb6 Nxb6 35. Rxd8 Nxd8 36. Rxd8 Rxa4 37. h4 h6 38. Nf6 Ra8 39. Rg8+ Kf7 40. h5 Bb7 41. Bg6+ Ke7 42. Rg7+ Kd8 43. Rxb7 Nc4 44. Ng4 Ra1+ 45. Kh2 Nd2 46. Rb2 Nf1+ 47. Kh3 Ne3 48. Nxe3 Rh1+ 0-1

[Event "Hessen-ch VM"]
[Site "Moerlenbach"]
[Date "2004.04.05"]
[Round "6"]
[White "Fichte, Wolfgang"]
[Black "Bitsch, Volker"]
[Result "1-0"]
[WhiteElo "2065"]
[BlackElo "2022"]
[PlyCount "63"]
[EventDate "2004.04.??"]
[EventType "swiss"]
[EventRounds "11"]
[EventCountry "GER"]
[SourceTitle "EXT 2005"]
[Source "ChessBase"]
[SourceDate "2004.11.15"]
[SourceVersion "1"]
[SourceVersionDate "2004.11.15"]
[SourceQuality "1"]

1. Nf3 f5 2. b4 Nf6 3. Bb2 g6 4. e3 Bg7 5. Be2 0-0 6. 0-0 d6 7. d4 c6 8. Nbd2 a5 9. c3 a4 10. a3 b5 11. c4 Bd7 12. Rc1 Na6 13. d5 cxd5 14. cxb5 Nc7 15. Nd4 Qb8 16. Nc6 Bxc6 17. bxc6 e5 18. Nb1 Qa7 19. Nc3 d4 20. exd4 exd4 21. Nb5 Nxb5 22. Bxb5 Ne4 23. Bc4+ Kh8 24. Be6 Qe7 25. Bd7 Nc3 26. Bxc3 dxc3 27. Re1 Qg5 28. Qxd6 Qd2 29. Red1 Qe2 30. c7 Be5 31. Qc6 Qe4 32. Rxc3 1-0

[Event "Hessen-ch VM"]
[Site "Moerlenbach"]
[Date "2004.04.02"]
[Round "2"]
[White "Fichte, Wolfgang"]
[Black "Kopp, Peter"]
[Result "0-1"]
[WhiteElo "2065"]
[BlackElo "2136"]
[PlyCount "132"]
[EventDate "2004.04.??"]
[EventType "swiss"]
[EventRounds "11"]
[EventCountry "GER"]
[SourceTitle "EXT 2005"]
[Source "ChessBase"]
[SourceDate "2004.11.15"]
[SourceVersion "1"]
[SourceVersionDate "2004.11.15"]
[SourceQuality "1"]

1. Nf3 Nf6 2. g3 g6 3. Bg2 Bg7 4. 0-0 0-0 5. d3 c5 6. e4 d6 7. Nbd2 Nc6 8. c3 e5 9. Nc4 h6 10. Bd2 Be6 11. Ne3 d5 12. Qc2 Qc7 13. Nh4 Rad8 14. f4 d4 15. Nd1 Bg4 16. fxe5 Qxe5 17. Nf2 Bc8 18. Rae1 Ng4 19. Bf4 Qe7 20. Nxg4 Bxg4 21. Bd2 Ne5 22. c4 Kh7 23. a3 Bf6 24. Nf3 Bxf3 25. Bxf3 Bg5 26. b4 Bxd2 27. Qxd2 b6 28. Be2 Kg7 29. Rf4 Rd6 30. Ref1 h5 31. h3 Rh8 32. Kg2 h4 33. g4 g5 34. Rf5 f6 35. Qc2 Re6 36. Rb1 Rc8 37. Qb3 Qd6 38. Rh1 Ng6 39. Rf3 Nf4+ 40. Kf2 Kg6 41. Qa4 Ra8 42. Bf1 cxb4 43. Qxb4 Qxb4 44. axb4 a5 45. b5 a4 46. Be2 a3 47. Ra1 a2 48. Ke1 Ra3 49. Kd2 Re7 50. Rff1 Rea7 51. Rfc1 Ne6 52. Bd1 Nc5 53. Bc2 Rc3 54. Rf1 Raa3 55. Rf3 Nxe4+ 56. Kc1 Nc5 57. Kd2 Nd7 58. Rf5 Ne5 59. Rff1 Kg7 60. Rae1 Nf3+ 61. Rxf3 a1Q 62. Rxa1 Rxa1 63. Bd1 Ra2+ 64. Ke1 Rc1 65. Rf1 Kg6 66. Rh1 Rxd1+ 0-1

[Event "Bad Zwesten op 8th"]
[Site "Bad Zwesten"]
[Date "2004.01.03"]
[Round "3"]
[White "Fichte, Wolfgang"]
[Black "Schulz, Maike"]
[Result "0-1"]
[WhiteElo "2065"]
[BlackElo "1385"]
[PlyCount "98"]
[EventDate "2004.01.??"]
[EventType "swiss"]
[EventRounds "9"]
[EventCountry "GER"]
[SourceTitle "CBM 098 Extra"]
[Source "ChessBase"]
[SourceDate "2004.03.10"]
[SourceVersion "2"]
[SourceVersionDate "2004.03.10"]
[SourceQuality "1"]

1. e4 e6 2. d3 d5 3. Nd2 Nf6 4. g3 Nc6 5. Bg2 Bc5 6. c3 a6 7. d4 Ba7 8. e5 Nd7 9. Qg4 0-0 10. h4 f5 11. Qe2 Qe8 12. Nh3 Ne7 13. h5 h6 14. Nf4 Qf7 15. Nb3 c5 16. c4 Nb6 17. cxd5 Nbxd5 18. Nxc5 Bxc5 19. dxc5 Bd7 20. Bxd5 Nxd5 21. Nxd5 exd5 22. Be3 Rfe8 23. Bd4 f4 24. Rh4 fxg3 25. fxg3 Rf8 26. Rf4 Qe7 27. Qf3 Rxf4 28. gxf4 Qh4+ 29. Bf2 Qe7 30. Qxd5+ Be6 31. Qd6 Qf7 32. Be3 Bxa2 33. c6 bxc6 34. Qxc6 Bd5 35. Qd6 a5 36. Kf2 a4 37. Rc1 Bb3 38. Qc6 Rf8 39. Qf3 Qe7 40. Kg3 Qe8 41. Rh1 Qb5 42. Rh2 Bf7 43. Qe4 Rb8 44. f5 Qe8 45. Kg4 Qe7 46. Bf4 Rb4 47. Qe3 Qg5+ 48. Kf3 Bxh5+ 49. Kf2 Rxf4+ 0-1

[Event "Bad Zwesten op 8th"]
[Site "Bad Zwesten"]
[Date "2004.01.02"]
[Round "1"]
[White "Fichte, Wolfgang"]
[Black "Schwoebel, Ann Kathrin"]
[Result "1-0"]
[WhiteElo "2065"]
[BlackElo "1115"]
[PlyCount "53"]
[EventDate "2004.01.??"]
[EventType "swiss"]
[EventRounds "9"]
[EventCountry "GER"]
[SourceTitle "CBM 098 Extra"]
[Source "ChessBase"]
[SourceDate "2004.03.10"]
[SourceVersion "2"]
[SourceVersionDate "2004.03.10"]
[SourceQuality "1"]

1. e4 c5 2. d4 cxd4 3. Nf3 Nc6 4. c3 dxc3 5. Bc4 Nf6 6. Nxc3 g6 7. e5 Ng4 8. Bxf7+ Kxf7 9. Ng5+ Ke8 10. Qxg4 Nxe5 11. Qe4 d6 12. 0-0 Bf5 13. Qxb7 Bg7 14. Nd5 Kf8 15. Nc7 Qc8 16. Qxa8 Qxa8 17. Nxa8 Ke8 18. Nc7+ Kd7 19. Nd5 Rc8 20. Be3 e6 21. Nc3 Bf6 22. Nge4 Be7 23. Bxa7 Rc7 24. Be3 d5 25. Rfd1 Ke8 26. Bf4 Bd6 27. Nxd6+ 1-0

[Event "Bad Zwesten op 7th"]
[Site "Bad Zwesten"]
[Date "2003.??.??"]
[Round "1"]
[White "Boehnisch, Manfred"]
[Black "Fichte, Wolfgang"]
[Result "1-0"]
[WhiteElo "2365"]
[BlackElo "1955"]
[PlyCount "78"]
[EventDate "2003.01.02"]
[EventType "swiss"]
[EventRounds "9"]
[EventCountry "GER"]
[SourceTitle "CBM 092 Extra"]
[Source "ChessBase"]
[SourceDate "2003.03.07"]
[SourceVersion "1"]
[SourceVersionDate "2003.03.07"]
[SourceQuality "1"]

1. e4 e6 2. Nf3 d5 3. exd5 exd5 4. d4 Bd6 5. c4 c6 6. Nc3 Nf6 7. Bg5 Qe7+ 8. Be2 dxc4 9. 0-0 h6 10. Bh4 g5 11. Bg3 Bxg3 12. hxg3 Be6 13. Re1 Qb4 14. Qd2 Nbd7 15. a3 Qb3 16. d5 cxd5 17. Bd1 Qb6 18. Nxd5 Nxd5 19. Qxd5 0-0-0 20. Qe4 Nc5 21. Qc2 Nd3 22. Re2 Kb8 23. Ne5 Rd5 24. Qc3 Rhd8 25. Ba4 Nxe5 26. Rxe5 Rd2 27. Qf3 Qxb2 28. Rae1 a6 29. R1e3 R2d3 30. Qf6 Qd4 31. Kh2 c3 32. R3e4 Qd6 33. Qxh6 g4 34. Qc1 Rh8+ 35. Kg1 Rd4 36. Qxc3 Rd2 37. Rxe6 fxe6 38. Qxh8+ Ka7 39. Qh6 Rb2 1-0

[Event "Bad Zwesten op 6th"]
[Site "Bad Zwesten"]
[Date "2002.01.08"]
[Round "7"]
[White "Schengel, Magnus"]
[Black "Fichte, Wolfgang"]
[Result "0-1"]
[WhiteElo "1673"]
[BlackElo "1793"]
[PlyCount "64"]
[EventDate "2002.01.04"]
[EventType "swiss"]
[EventRounds "9"]
[EventCountry "GER"]
[SourceTitle "CBM 086 Extra"]
[Source "ChessBase"]
[SourceDate "2002.03.14"]
[SourceVersion "1"]
[SourceVersionDate "2002.03.14"]
[SourceQuality "1"]

1. d4 e6 2. c4 f5 3. Nc3 Nf6 4. Bg5 Be7 5. e3 0-0 6. Bd3 d5 7. Nge2 c6 8. 0-0 Ne4 9. Bxe7 Qxe7 10. Rc1 Nd7 11. f3 Nef6 12. e4 e5 13. Bb1 fxe4 14. fxe4 dxc4 15. d5 Ng4 16. Qd2 Qc5+ 17. Kh1 Nf2+ 18. Rxf2 Qxf2 19. dxc6 bxc6 20. Qd6 Rf6 21. Qb4 Nb6 22. Qe7 Bg4 23. Ng3 Qe3 24. Rg1 Raf8 25. Nf5 Bxf5 26. exf5 Nd5 27. Nxd5 cxd5 28. Qd7 Qc5 29. g4 Qc6 30. Qxa7 d4+ 31. Rg2 d3 32. Kg1 Qb6+ 0-1

[Event "Bad Zwesten op 6th"]
[Site "Bad Zwesten"]
[Date "2002.01.07"]
[Round "5"]
[White "Herytash, Philipp"]
[Black "Fichte, Wolfgang"]
[Result "0-1"]
[WhiteElo "1489"]
[BlackElo "1793"]
[PlyCount "94"]
[EventDate "2002.01.04"]
[EventType "swiss"]
[EventRounds "9"]
[EventCountry "GER"]
[SourceTitle "CBM 086 Extra"]
[Source "ChessBase"]
[SourceDate "2002.03.14"]
[SourceVersion "1"]
[SourceVersionDate "2002.03.14"]
[SourceQuality "1"]

1. e4 e6 2. d4 d5 3. exd5 exd5 4. Nc3 Nf6 5. Nf3 Bg4 6. Be2 Bd6 7. Bg5 c6 8. h3 Bf5 9. Qd2 Nbd7 10. 0-0 Qc7 11. Rfe1 0-0-0 12. Bd3 Be6 13. Ne2 h6 14. Bf4 g5 15. Bxd6 Qxd6 16. Ng3 g4 17. hxg4 Nxg4 18. Bf5 Rdg8 19. Bxe6 fxe6 20. Re2 Nxf2 21. Rxf2 Rxg3 22. Raf1 h5 23. Ne5 Nxe5 24. dxe5 Qxe5 25. Rf8+ Rxf8 26. Rxf8+ Kd7 27. Qb4 Rg7 28. Qh4 Rxg2+ 29. Kxg2 Qg7+ 30. Kh2 Qxf8 31. Qxh5 Qf4+ 32. Kg2 Qd2+ 33. Kg3 Qe1+ 34. Kg2 Qe4+ 35. Kg3 Qf5 36. Qh8 Kc7 37. Qg7+ Kb6 38. Qd4+ c5 39. Qh8 a6 40. Qd8+ Ka7 41. a4 Qxc2 42. a5 Qxb2 43. Qc7 Qb5 44. Kf4 Qc6 45. Qd8 d4 46. Kg3 e5 47. Kf2 c4 0-1

[Event "Baunatal op 7th"]
[Site "Baunatal"]
[Date "2001.08.14"]
[Round "4"]
[White "Dimke, Markus"]
[Black "Fichte, Wolfgang"]
[Result "1-0"]
[WhiteElo "2118"]
[BlackElo "1817"]
[PlyCount "61"]
[EventDate "2001.08.08"]
[EventType "swiss"]
[EventRounds "7"]
[EventCountry "GER"]
[SourceTitle "EXT 2002"]
[Source "ChessBase"]
[SourceDate "2001.11.25"]
[SourceVersion "1"]
[SourceVersionDate "2001.11.25"]
[SourceQuality "1"]

1. e4 e6 2. d4 d5 3. e5 c5 4. c3 Nc6 5. Be3 cxd4 6. cxd4 Bd7 7. a3 Qb6 8. Qd2 Na5 9. Ra2 Nb3 10. Qd1 Rc8 11. Nc3 a6 12. Nf3 Ne7 13. Bd3 Na5 14. 0-0 Ng6 15. h4 Be7 16. h5 Nf8 17. Nd2 f5 18. Ne2 g5 19. b4 Nc4 20. Bxc4 dxc4 21. d5 Qd8 22. d6 Bxd6 23. exd6 Bc6 24. Nf3 h6 25. Ne5 b5 26. Bc5 Qf6 27. Nxc6 Rxc6 28. Nd4 Rc8 29. Re1 Kd7 30. Qf3 Rxc5 31. bxc5 1-0

[Event "Baunatal op 7th"]
[Site "Baunatal"]
[Date "2001.08.14"]
[Round "6"]
[White "Francis, Patrick"]
[Black "Fichte, Wolfgang"]
[Result "1-0"]
[WhiteElo "2112"]
[BlackElo "1817"]
[PlyCount "112"]
[EventDate "2001.08.08"]
[EventType "swiss"]
[EventRounds "7"]
[EventCountry "GER"]
[SourceTitle "EXT 2002"]
[Source "ChessBase"]
[SourceDate "2001.11.25"]
[SourceVersion "1"]
[SourceVersionDate "2001.11.25"]
[SourceQuality "1"]

1. d4 e6 2. e4 d5 3. Nc3 Bb4 4. a3 Bxc3+ 5. bxc3 Ne7 6. e5 c5 7. Bd3 Nbc6 8. Nf3 Qc7 9. 0-0 Bd7 10. Re1 f6 11. Bf4 c4 12. Bf1 Ng6 13. Bg3 f5 14. h4 0-0 15. h5 Nh8 16. Bf4 Be8 17. Ng5 Qe7 18. Re3 h6 19. Nh3 Qh4 20. Be2 Kh7 21. Bg3 Qe7 22. f4 g5 23. hxg6+ Nxg6 24. Kf2 Rh8 25. Qh1 Kg7 26. Ng1 Qd8 27. Bh5 Nce7 28. Nf3 Rh7 29. Qh2 Bf7 30. Rh1 Qe8 31. Qh3 Qa4 32. Ne1 Qxa3 33. Bh2 Rg8 34. Bxg6 Bxg6 35. Qh4 Rf8 36. Rg3 Rf7 37. Qh5 Qc1 38. Ke2 a5 39. Rf1 a4 40. Rff3 a3 41. Rxg6+ Nxg6 42. Rg3 Kf8 43. Qxg6 Ke7 44. Qg8 Qb2 45. Qb8 Rhg7 46. Qd6+ Ke8 47. Qxe6+ Kd8 48. Qd6+ Kc8 49. e6 Re7 50. Rxg7 Rxe6+ 51. Qxe6+ Kb8 52. Qd6+ Ka7 53. Qc5+ Ka6 54. Rg6+ b6 55. Rxb6+ Qxb6 56. Qxa3+ Kb7 1-0

[Event "Baunatal op 7th"]
[Site "Baunatal"]
[Date "2001.08.08"]
[Round "1"]
[White "Fichte, Wolfgang"]
[Black "Haub, Thorsten Michael"]
[Result "0-1"]
[WhiteElo "1817"]
[BlackElo "2359"]
[PlyCount "48"]
[EventDate "2001.08.08"]
[EventType "swiss"]
[EventRounds "7"]
[EventCountry "GER"]
[SourceTitle "EXT 2002"]
[Source "ChessBase"]
[SourceDate "2001.11.25"]
[SourceVersion "1"]
[SourceVersionDate "2001.11.25"]
[SourceQuality "1"]

1. Nf3 g6 2. c4 Bg7 3. d4 f5 4. e4 fxe4 5. Ng5 Nf6 6. Nc3 0-0 7. d5 c6 8. Ngxe4 Nxe4 9. Nxe4 cxd5 10. Qxd5+ e6 11. Qg5 d5 12. Qxd8 Rxd8 13. Bg5 Rf8 14. Nd6 Bxb2 15. Rb1 Bc3+ 16. Kd1 Nc6 17. f4 Bb4 18. Nb5 Rf7 19. a3 Bf8 20. g3 d4 21. Bg2 a6 22. Bxc6 bxc6 23. Nxd4 Rd7 24. Bf6 Bg7 0-1